| 000 | 00486nam a2200181 i 4500 | ||
|---|---|---|---|
| 001 | 22771 | ||
| 003 | ES-MaACL | ||
| 005 | 20230906152744.0 | ||
| 007 | t| | ||
| 008 | 021204s1961 sp ||||1| spa d | ||
| 100 | 1 |
_aAlonso Schoekel, Luis. _9181472 |
|
| 245 | 1 | 0 |
_aPedagogía de la comprensión / _cLuis Alonso Schoekel. |
| 250 | _a2ª ed. | ||
| 260 |
_aBarcelona : _bFlors, _c1961. |
||
| 300 |
_aX, 281 p. ; _c19 cm. |
||
| 852 |
_aES-MaACL _jC-19547 _bR.47287 |
||
| 999 |
_c22771 _d22771 |
||